Statistiques concernant Associez ces acteurs à leurs personnages

Cliquez ici pour prendre le quiz!

Statistiques générales

  • Ce quiz a été pris 739 fois
  • Le résultat moyen est 12 sur 20

Statistiques - réponses

HintRéponse% Correct
Johnny DeppJack Sparrow
95%
Daniel RadcliffeHarry Potter
93%
Tobey MaguireSpider-Man
85%
Hugh JackmanWolverine
78%
Harrison FordHan Solo
73%
Al PacinoTony Montana
73%
Cillian MurphyThomas Shelby
72%
Keanu ReevesNeo
68%
Anthony HopkinsHannibal Lecter
63%
Ben AffleckBatman
61%
Pierce BrosnanJames Bond
61%
Tom CruiseEthan Hunt
60%
Michael J.FoxMarty McFly
57%
Bryan CranstonWalter White
53%
Peter DinklageTyrion Lannister
47%
Jack NicholsonJack Torrance
46%
Simon BakerPatrick Jane
43%
Neil Patrick HarrisBarney Stinson
42%
Patrick StewartProfesseur Xavier
36%
Tom WellingSuperman
26%

Distribution des résultats

Percentile par nombre de réponses

% des personnes avec chaque résultat

Votre développement - résultats

Vous n’avez pas pris ce quiz